000 00844cam a2200265 4500
001 12457
003 BD-RjUL
005 20211208235310.0
008 140128s19691968nyua b 001 0 eng
035 _a(BD-RjUL)12506
040 _aDLC
_cDLC
_dBD-RjUL
_beng
041 _aeng
082 0 0 _a574.3
_bDAG 1969
100 1 _aDavidson, Eric H.,
_d1937-
_938753
245 1 0 _aGene activity in early development /
_cEric H. Davidson.
260 _aNew York :
_bAcademic Press,
_cc1968 [Printing 1969].
300 _axi, 375 p. :
_billus. ;
_c24 cm.
500 _aBased on a series of lectures delivered to the Graduate Fellows of the Rockefeller University.
500 _aIncludes index.
504 _aBibliography: p. 326-356.
650 0 _aDevelopmental genetics.
_937508
942 _2ddc
_cBK
999 _c12457
_d12457